Eigth International Symposium on Plan-Soil Interactions at low pH, 18-22 October 2012, University of Agricultural sciences, Bengaluru. Compendium of abstracts (Record no. 44862)

MARC details
000 -LEADER
fixed length control field 00835nam a2200253Ia 4500
082 ## - DEWEY DECIMAL CLASSIFICATION NUMBER
Classification number 631.415.2(063)
Item number UAS
245 #0 - TITLE STATEMENT
Title Eigth International Symposium on Plan-Soil Interactions at low pH, 18-22 October 2012, University of Agricultural sciences, Bengaluru. Compendium of abstracts
260 ## - PUBLICATION, DISTRIBUTION, ETC. (IMPRINT)
Place of publication Bengaluru
Name of publisher University of Agricultural Sciences
Year of publication 2012
300 ## - PHYSICAL DESCRIPTION
Number of Pages 420p.
650 ## - SUBJECT ADDED ENTRY--TOPICAL TERM
Topical Term Acid soils
650 ## - SUBJECT ADDED ENTRY--TOPICAL TERM
Topical Term Acidity management
650 ## - SUBJECT ADDED ENTRY--TOPICAL TERM
Topical Term Crop productivity
650 ## - SUBJECT ADDED ENTRY--TOPICAL TERM
Topical Term Fertilizer influence
650 ## - SUBJECT ADDED ENTRY--TOPICAL TERM
Topical Term Foliage nutrient content
650 ## - SUBJECT ADDED ENTRY--TOPICAL TERM
Topical Term India
650 ## - SUBJECT ADDED ENTRY--TOPICAL TERM
Topical Term Mature rubber plantation
650 ## - SUBJECT ADDED ENTRY--TOPICAL TERM
Topical Term Organic carbon sequestration
650 ## - SUBJECT ADDED ENTRY--TOPICAL TERM
Topical Term Rubber growing soil
650 ## - SUBJECT ADDED ENTRY--TOPICAL TERM
Topical Term Soil fertility
650 ## - SUBJECT ADDED ENTRY--TOPICAL TERM
Topical Term Sustainability
650 ## - SUBJECT ADDED ENTRY--TOPICAL TERM
Topical Term Ultisol
942 ## - ADDED ENTRY ELEMENTS (KOHA)
Koha item type Books
Holdings
Withdrawn status Lost status Damaged status Not for loan Home library Current library Date acquired Source of acquisition Full call number Accession Number Koha item type
        RRII Library RRII Library 16/12/2021 Gift 631.415.2(063) UAS G01605 Books